LIBRARY & INFORMATION CENTRE, KCAET, TAVANUR

ONLINE PUBLIC ACCESS CATALOGUE (OPAC)

Information systems for modern management / (Record no. 560)

MARC details
000 -LEADER
fixed length control field 00573cam a2200205ua 4500
020 ## - INTERNATIONAL STANDARD BOOK NUMBER
ISBN 81-203-0397-0
041 ## - LANGUAGE CODE
Language code of text/sound track or separate title eng
082 ## - DEWEY DECIMAL CLASSIFICATION NUMBER
Classification number 658.4038
Item number MUR/IN
100 ## - MAIN ENTRY--AUTHOR NAME
Personal name Murdick, Robert G .
245 ## - TITLE STATEMENT
Title Information systems for modern management /
250 ## - EDITION STATEMENT
Edition statement 3 /
260 ## - PUBLICATION, DISTRIBUTION, ETC. (IMPRINT)
Place of publication New Delhi :
Name of publisher Prentice Hall of India Pvt Ltd. ,
Year of publication 2001.
300 ## - PHYSICAL DESCRIPTION
Number of Pages 466 ; .
700 1# - ADDED ENTRY--PERSONAL NAME
Personal name Clagget, James R .
700 1# - ADDED ENTRY--PERSONAL NAME
Personal name Ross , Joe I E .
942 ## - ADDED ENTRY ELEMENTS (KOHA)
Koha item type Books
Holdings
Withdrawn status Lost status Damaged status Home library Current library Date acquired Full call number Accession Number Koha item type
      KAUAET KAUAET 07/04/2012 658.4038 MUR/IN 20623 Books
free website counter